[Event "PRO League KO Stage 2019"]
[Site "chess.com INT"]
[Date "2019.03.23"]
[Round "1"]
[White "Kollars, Dmitrij"]
[Black "Ducarmon, Quinten"]
[Result "1/2-1/2"]
[WhiteTitle "GM"]
[BlackTitle "IM"]
[WhiteElo "2564"]
[BlackElo "2479"]
[WhiteTeam "Baden-Baden Snowballs"]
[BlackTeam "Amsterdam Mosquitoes"]
[WhiteFideId "12909572"]
[BlackFideId "1025007"]
[EventDate "2019.03.19"]

1. e4 c6 2. Nc3 d5 3. Nf3 Bg4 4. h3 Bxf3 5. Qxf3 e6 6. Be2 Nf6 7. O-O Nbd7 8. d4
dxe4 9. Nxe4 Nxe4 10. Qxe4 Nf6 11. Qd3 Be7 12. a4 O-O 13. a5 Qc7 14. a6 b6 15.
Be3 Rfd8 16. Rad1 Nd5 17. Qe4 Bf6 18. Bd3 g6 19. Qf3 Bg7 20. Bg5 Rd7 21. c3 b5
22. h4 h6 23. Bd2 h5 24. b3 Qb6 25. Ra1 Rc8 26. Bg5 b4 27. c4 Nc3 28. d5 cxd5
29. cxd5 Nxd5 30. Rac1 Rc3 31. Qe2 Bd4 32. Bc4 Kg7 33. Rcd1 Nf6 34. Kh1 Ng4 35.
f3 Nf6 36. Rd2 e5 37. Rfd1 Rd6 38. Ra2 Nd7 39. Bd2 Nc5 40. Bxc3 bxc3 41. Rc2
Nxb3 42. Rb1 Qd8 43. g3 Nd2 44. Rb7 Qc8 45. Rxf7+ Kh8 46. Bd3 Qh3+ 47. Qh2 Qe6
48. Rb7 Rb6 49. Qe2 Qh3+ 50. Qh2 Qe6 51. Qg2 Qb3 52. Kh2 Qb1 53. Rxa7 Qd1 54. f4
Nf3+ 55. Kh3 Ng1+ 56. Kh2 Nf3+ 57. Kh3 Ng1+ 58. Kh2 Nf3+ 59. Kh3 Ng1+ 60. Kh2 1/2-1/2

[Event "PRO League KO Stage 2019"]
[Site "chess.com INT"]
[Date "2019.03.23"]
[Round "1"]
[White "Klek, Hanna Marie"]
[Black "Lopez, Jasel"]
[Result "1-0"]
[WhiteTitle "WGM"]
[BlackTitle "FM"]
[WhiteElo "2313"]
[BlackElo "2390"]
[WhiteTeam "Baden-Baden Snowballs"]
[BlackTeam "Amsterdam Mosquitoes"]
[WhiteFideId "24670057"]
[BlackFideId "15900045"]
[EventDate "2019.03.19"]

1. e4 e6 2. d4 d5 3. Nd2 Nc6 4. Ngf3 Nf6 5. e5 Nd7 6. Bd3 Nb4 7. Be2 c5 8. c3
Nc6 9. O-O cxd4 10. cxd4 f6 11. exf6 Nxf6 12. a3 Bd6 13. b4 O-O 14. Bb2 Bd7 15.
Bd3 Nh5 16. g3 Nf6 17. Ne5 Qb6 18. Nxd7 Nxd7 19. Qg4 Rae8 20. Rae1 Nf6 21. Qh4
e5 22. dxe5 Bxe5 23. Bc1 a5 24. bxa5 Qxa5 25. Nf3 Bc3 26. Rxe8 Rxe8 27. Bg5 Ne4
28. Be3 Qxa3 29. Rb1 Bf6 30. Qh5 Rd8 31. Bf1 Qe7 32. Bd3 d4 33. Bf4 Nc3 34. Re1
g6 35. Rxe7 gxh5 36. Rxb7 Ne7 37. Ng5 h6 38. Ne6 Rc8 39. Bxh6 Ncd5 40. Bd2 Kf7
41. Ng5+ Bxg5 42. Bxg5 Rc3 43. Be4 Ke6 44. Rb1 Kd6 45. Rd1 Kc5 46. h3 Nc6 47. g4
Rxh3 48. Bg2 1-0

[Event "PRO League KO Stage 2019"]
[Site "chess.com INT"]
[Date "2019.03.23"]
[Round "1"]
[White "Vastrukhin, Oleg"]
[Black "Jobava, Baadur"]
[Result "1-0"]
[BlackTitle "GM"]
[WhiteElo "2413"]
[BlackElo "2622"]
[WhiteTeam "Moscow Wizards"]
[BlackTeam "Tbilisi Gentlemen"]
[WhiteFideId "4192770"]
[BlackFideId "13601520"]
[EventDate "2019.03.19"]

1. Nf3 d5 2. g3 c6 3. Bg2 Bg4 4. Ne5 Be6 5. d4 Nd7 6. O-O Nxe5 7. dxe5 Qd7 8. c4
dxc4 9. Qc2 Qc7 10. Na3 Qxe5 11. Nxc4 Qb5 12. b3 Nf6 13. a4 Qa6 14. Bb2 Bxc4 15.
bxc4 e6 16. a5 Be7 17. Rfd1 O-O 18. Be4 Nxe4 19. Qxe4 Rfd8 20. Qg4 Bf8 21. Bc3
h6 22. Qf4 c5 23. Qe4 f5 24. Qf4 Qc6 25. Qe5 Rd7 26. Rxd7 Qxd7 27. a6 b6 28. Ra2
Bd6 29. Qe3 Rd8 30. Rd2 Qe8 31. Qf3 Qe7 32. Qb7 Kf7 33. Be5 Rd7 34. Qc6 1-0

[Event "PRO League KO Stage 2019"]
[Site "chess.com INT"]
[Date "2019.03.23"]
[Round "1"]
[White "Volkov, Nika"]
[Black "Savchenko, Boris"]
[Result "1-0"]
[BlackTitle "GM"]
[WhiteElo "2153"]
[BlackElo "2575"]
[WhiteTeam "Tbilisi Gentlemen"]
[BlackTeam "Moscow Wizards"]
[WhiteFideId "13604376"]
[BlackFideId "4147332"]
[EventDate "2019.03.19"]

1. d4 d6 2. Nf3 g6 3. g3 Bg7 4. Bg2 Nf6 5. O-O c6 6. c4 O-O 7. Nc3 Qa5 8. e4 Qa6
9. b3 Bg4 10. h3 Bxf3 11. Bxf3 e5 12. dxe5 dxe5 13. g4 Qa5 14. Qc2 Ne8 15. a3
Qd8 16. Rd1 Qe7 17. a4 Na6 18. Ba3 Nb4 19. Qd2 a5 20. Na2 c5 21. Nc3 Nc7 22. Nd5
Qd6 23. Bxb4 axb4 24. Nxc7 Qxc7 25. Qd7 Rfc8 26. Rd5 Bf6 27. Rad1 Kf8 28. Be2
Qc6 29. Kg2 Rab8 30. Kg3 Bg5 31. Qxc6 Bf4+ 32. Kg2 Rxc6 33. Rd7 Ke8 34. h4 h6
35. h5 g5 36. R1d6 f6 37. Rxb7 Rxd6 38. Rxb8+ Rd8 39. Rb6 Rd2 40. Kf1 Ke7 41.
Rc6 Rb2 42. Bd1 Bd2 43. a5 Bc3 44. a6 Ra2 45. Rc7+ Ke6 46. a7 Bd4 47. Be2 Kd6
48. Rh7 Ke6 49. Rb7 Ba1 50. f4 exf4 51. e5 f5 52. Bf3 fxg4 53. Rb6+ Kf5 54. a8=Q
Rxa8 55. Bxa8 Bxe5 56. Rxh6 g3 57. Kg2 g4 58. Rh7 Kg5 59. Re7 Bd4 60. Rh7 Be5
61. Be4 Bd4 62. Rf7 f3+ 63. Kxg3 Be5+ 64. Kf2 Bd4+ 65. Kf1 Kxh5 66. Rd7 Be3 67.
Rd3 Bd4 68. Rxd4 cxd4 69. c5 Kg5 70. c6 Kf4 71. Bxf3 1-0

[Event "PRO League KO Stage 2019"]
[Site "chess.com INT"]
[Date "2019.03.23"]
[Round "1"]
[White "Paichadze, Luka"]
[Black "Dobrov, Vladimir"]
[Result "1/2-1/2"]
[WhiteTitle "GM"]
[BlackTitle "GM"]
[WhiteElo "2576"]
[BlackElo "2478"]
[WhiteTeam "Tbilisi Gentlemen"]
[BlackTeam "Moscow Wizards"]
[WhiteFideId "13602934"]
[BlackFideId "4136594"]
[EventDate "2019.03.19"]

1. e4 c5 2. Nf3 Nc6 3. c3 Nf6 4. e5 Nd5 5. d4 cxd4 6. cxd4 d6 7. Bc4 dxe5 8.
dxe5 Ndb4 9. Qxd8+ Nxd8 10. Na3 Bf5 11. Nd4 Bd3 12. Bd2 Bxc4 13. Nxc4 Rc8 14.
Bxb4 Rxc4 15. Bc3 e6 16. Ke2 Nc6 17. Nxc6 Rxc6 18. Rhd1 Bc5 19. Rd3 O-O 20. Rd7
b5 21. a3 h5 22. Rad1 Rb8 23. f4 g6 24. h3 Kg7 25. Be1 b4 26. axb4 Bxb4 27. Bh4
g5 28. Bxg5 Rc2+ 29. Kf3 Bc5 30. R1d2 Rb3+ 31. Ke2 Rcxb2 32. Rxb2 Rxb2+ 33. Kf3
Rb3+ 34. Ke2 Kg6 35. Be7 Bb6 36. Bd8 Rb2+ 37. Kf3 Rb3+ 38. Ke2 Re3+ 39. Kf1 Re4
40. Bxb6 axb6 41. g3 Re3 42. Kf2 Rb3 43. Rb7 b5 44. g4 h4 45. Kg2 b4 46. Rb6
Rg3+ 47. Kf2 b3 48. f5+ Kg5 49. fxe6 fxe6 50. Rxe6 Rxh3 51. Rb6 Rc3 52. e6 Kf6
53. g5+ Ke7 54. g6 Kf6 55. Rb8 Rg3 56. g7 Rxg7 57. Rxb3 Kxe6 58. Rh3 Rg4 59. Ra3 1/2-1/2

[Event "PRO League KO Stage 2019"]
[Site "chess.com INT"]
[Date "2019.03.23"]
[Round "1"]
[White "Seliverstov, Vladimir"]
[Black "Pantsulaia, Levan"]
[Result "0-1"]
[WhiteTitle "IM"]
[BlackTitle "GM"]
[WhiteElo "2462"]
[BlackElo "2611"]
[WhiteTeam "Moscow Wizards"]
[BlackTeam "Tbilisi Gentlemen"]
[WhiteFideId "4192036"]
[BlackFideId "13602071"]
[EventDate "2019.03.19"]

1. d4 Nf6 2. c4 c5 3. d5 g6 4. Nc3 Bg7 5. e4 d6 6. Be2 O-O 7. Nf3 e6 8. O-O exd5
9. exd5 Re8 10. h3 Bf5 11. Nh4 Bd7 12. Nf3 Bf5 13. Bd3 Ne4 14. Nxe4 Bxe4 15.
Bxe4 Rxe4 16. Qd3 Re8 17. Bf4 Na6 18. Rae1 Qd7 19. b3 b5 20. cxb5 Nb4 21. Qd2
Qxb5 22. a3 Nd3 23. Rxe8+ Rxe8 24. Bxd6 Qxb3 25. Ne1 c4 26. Nxd3 cxd3 27. Rd1
Bh6 28. Qxd3 Re1+ 29. Rxe1 Qxd3 30. Re8+ Kg7 31. Bf8+ Kf6 32. Bxh6 Qxd5 33. Re3
Qh5 34. Bf8 Qd1+ 35. Kh2 h5 36. Bc5 a5 37. Be7+ Kg7 38. Rf3 Qd4 39. Bg5 a4 40.
h4 Qa1 41. Bd8 Qe5+ 42. Kg1 Qd4 43. Bg5 Qd6 44. Bf4 Qd1+ 45. Kh2 f6 46. Bc7 Qd4
47. Bg3 g5 48. hxg5 fxg5 49. Re3 Kg6 50. Be5 Qd2 51. Rf3 h4 52. Rf6+ Kh5 53. Bd6
Qd4 54. Re6 Qxf2 55. Bb4 h3 0-1

[Event "PRO League KO Stage 2019"]
[Site "chess.com INT"]
[Date "2019.03.23"]
[Round "1"]
[White "Jobava, Baadur"]
[Black "Seliverstov, Vladimir"]
[Result "1/2-1/2"]
[WhiteTitle "GM"]
[BlackTitle "IM"]
[WhiteElo "2622"]
[BlackElo "2462"]
[WhiteTeam "Tbilisi Gentlemen"]
[BlackTeam "Moscow Wizards"]
[WhiteFideId "13601520"]
[BlackFideId "4192036"]
[EventDate "2019.03.19"]

1. d4 d5 2. c4 c6 3. Nc3 Nf6 4. Nf3 dxc4 5. a4 Bg4 6. e3 e5 7. dxe5 Qxd1+ 8.
Nxd1 Ne4 9. Bxc4 Bb4+ 10. Bd2 Nxd2 11. Nxd2 Nd7 12. f4 O-O-O 13. Nc3 f6 14. h3
Bh5 15. g4 Bg6 16. f5 Be8 17. e6 Ne5 18. Be2 h5 19. O-O-O Bc5 20. e4 Be3 21. Nb1
c5 22. b3 c4 23. Kc2 cxb3+ 24. Kxb3 Rd4 25. Bb5 Bxb5 26. axb5 Rhd8 27. gxh5 R8d6
28. Kc2 Nd3 29. Rh2 Rb4 30. Rg2 Bf4 31. Rf1 Bh6 32. Rg3 Rbd4 33. Kc3 Nc5 34. Rf2
Bxd2+ 35. Nxd2 Rxd2 36. Rxd2 Nxe4+ 37. Kb4 Rxd2 38. Rxg7 Rb2+ 39. Ka3 Rxb5 40.
h6 Rxf5 41. h7 Rf3+ 42. Kb4 Rxh3 43. Kc4 Nd6+ 44. Kd5 Nf5 45. Rg8+ Kc7 46. h8=Q
Ne7+ 47. Ke4 Rxh8 48. Rxh8 Kd6 49. Rb8 b6 50. Rb7 Kxe6 1/2-1/2

[Event "PRO League KO Stage 2019"]
[Site "chess.com INT"]
[Date "2019.03.23"]
[Round "1"]
[White "Savchenko, Boris"]
[Black "Paichadze, Luka"]
[Result "1-0"]
[WhiteTitle "GM"]
[BlackTitle "GM"]
[WhiteElo "2575"]
[BlackElo "2576"]
[WhiteTeam "Moscow Wizards"]
[BlackTeam "Tbilisi Gentlemen"]
[WhiteFideId "4147332"]
[BlackFideId "13602934"]
[EventDate "2019.03.19"]

1. Nf3 Nf6 2. c4 e6 3. g3 a6 4. Nc3 d5 5. d4 Be7 6. Bg2 O-O 7. O-O Nbd7 8. Ne5
c6 9. Bf4 Nh5 10. Be3 Nhf6 11. Qb3 Nxe5 12. dxe5 Nd7 13. f4 b5 14. cxd5 cxd5 15.
Rfd1 Bb7 16. Bf2 Nc5 17. Qc2 Rc8 18. Qd2 Qc7 19. Rac1 Qb8 20. b4 Ne4 21. Nxe4
dxe4 22. Bc5 Bxc5+ 23. Rxc5 Rcd8 24. Qc1 Rxd1+ 25. Qxd1 Rd8 26. Qc1 g6 27. Kf2
Rd4 28. Qc3 Qd8 29. Ke3 Rd1 30. Bxe4 Qb6 31. Bxb7 Qxb7 32. Rc8+ Kg7 33. Qc5 Kh6
34. g4 1-0

[Event "PRO League KO Stage 2019"]
[Site "chess.com INT"]
[Date "2019.03.23"]
[Round "1"]
[White "Dobrov, Vladimir"]
[Black "Volkov, Nika"]
[Result "0-1"]
[WhiteTitle "GM"]
[WhiteElo "2478"]
[BlackElo "2153"]
[WhiteTeam "Moscow Wizards"]
[BlackTeam "Tbilisi Gentlemen"]
[WhiteFideId "4136594"]
[BlackFideId "13604376"]
[EventDate "2019.03.19"]

1. d4 e6 2. c4 d5 3. Nc3 Nf6 4. Nf3 c6 5. e3 Bd6 6. b3 O-O 7. Bb2 Nbd7 8. Bd3
Qe7 9. O-O dxc4 10. bxc4 e5 11. Qc2 Re8 12. c5 Bc7 13. Bc4 e4 14. Ng5 Bxh2+ 15.
Kh1 Bc7 16. f4 Rf8 17. Ncxe4 h6 18. Nd6 hxg5 19. Nf5 Qe4 20. Bd3 Qe6 21. fxg5
Nd5 22. e4 Nb4 23. Qd2 Nxd3 24. Qxd3 Re8 25. Rae1 Qg6 26. Rf3 Nxc5 27. Nh6+
Qxh6+ 28. gxh6 Nxd3 29. Rxd3 f5 30. e5 Be6 31. Rg3 Re7 32. Ba3 Rf7 33. d5 cxd5
34. Rc1 Bxe5 35. Rg6 Bf6 36. hxg7 Kh7 37. Rg3 f4 38. Rf3 Bxg7 39. Re1 Bg4 40.
Rd3 d4 41. Bd6 f3 42. Kh2 f2 43. Rf1 Be2 44. Rh3+ Kg8 45. Bb8 Rxb8 46. Rh8+ Kxh8
47. Rxf2 Re7 48. Rf8+ Rxf8 49. a3 d3 50. Kh3 d2 51. Kh4 d1=Q 52. a4 Be5 53. a5
Rg8 54. a6 Rh7# 0-1

[Event "PRO League KO Stage 2019"]
[Site "chess.com INT"]
[Date "2019.03.23"]
[Round "1"]
[White "Pantsulaia, Levan"]
[Black "Vastrukhin, Oleg"]
[Result "1-0"]
[WhiteTitle "GM"]
[WhiteElo "2611"]
[BlackElo "2413"]
[WhiteTeam "Tbilisi Gentlemen"]
[BlackTeam "Moscow Wizards"]
[WhiteFideId "13602071"]
[BlackFideId "4192770"]
[EventDate "2019.03.19"]

1. Nf3 g6 2. g3 Bg7 3. Bg2 c5 4. O-O Nc6 5. c4 e6 6. Nc3 Nge7 7. d3 O-O 8. Bg5
h6 9. Bd2 b6 10. a3 Bb7 11. Qc1 g5 12. h4 f6 13. b4 d6 14. Rb1 Qd7 15. Qd1 g4
16. Ne1 f5 17. e4 Nd4 18. Ne2 Ng6 19. Nxd4 cxd4 20. exf5 exf5 21. Bxb7 Qxb7 22.
c5 Kh7 23. cxd6 Rad8 24. h5 Ne5 25. Bf4 Rxd6 26. Qb3 Qd5 27. Bxe5 Bxe5 28. Qxd5
Rxd5 29. Ng2 f4 30. f3 fxg3 31. fxg4 Rdd8 32. Nh4 Bf4 33. Nf5 Bb8 34. Rbe1 Rfe8
35. Kg2 Rc8 36. Rxe8 Rxe8 37. Nxg3 Bxg3 38. Kxg3 Kg7 39. Rc1 Re3+ 40. Kf4 Rxd3
41. Rc7+ Kf6 42. Rh7 Rxa3 43. Rxh6+ Ke7 44. g5 d3 45. Ke3 d2+ 46. Kxd2 Rg3 47.
g6 a5 48. b5 Kf8 49. Rh8+ Kg7 50. Rh7+ Kg8 51. Rb7 Rg5 52. Rxb6 Rxh5 53. Kc3 Kg7
54. Kc4 Rh4+ 55. Kc5 Rh5+ 56. Kc6 Kxg6 57. Ra6 Kf7 58. b6 Rh6+ 59. Kb7 Ke6 60.
Ka7 1-0

[Event "PRO League KO Stage 2019"]
[Site "chess.com INT"]
[Date "2019.03.23"]
[Round "1"]
[White "Jobava, Baadur"]
[Black "Dobrov, Vladimir"]
[Result "1-0"]
[WhiteTitle "GM"]
[BlackTitle "GM"]
[WhiteElo "2622"]
[BlackElo "2478"]
[WhiteTeam "Tbilisi Gentlemen"]
[BlackTeam "Moscow Wizards"]
[WhiteFideId "13601520"]
[BlackFideId "4136594"]
[EventDate "2019.03.19"]

1. d4 Nf6 2. c4 e6 3. Nc3 Bb4 4. e3 d5 5. cxd5 exd5 6. Bd3 O-O 7. Ne2 Re8 8. Bd2
c5 9. O-O Nc6 10. a3 Bxc3 11. bxc3 Ne4 12. f3 Nxd2 13. Qxd2 Qg5 14. Nf4 Be6 15.
a4 Rac8 16. a5 a6 17. Rfb1 Rc7 18. Rb6 Bc8 19. Qf2 cxd4 20. cxd4 Nxd4 21. Rd1
Rc3 22. Rd6 Nc6 23. h4 Qe7 24. Rxd5 h6 25. Be4 Qa3 26. Qg3 Rc1 27. Rxc1 Qxe3+
28. Kh2 Qxc1 29. Nh5 Qc3 30. Rc5 Qa1 31. Bxc6 bxc6 32. Rxc6 Kh8 33. Rf6 g6 34.
Rxf7 1-0

[Event "PRO League KO Stage 2019"]
[Site "chess.com INT"]
[Date "2019.03.23"]
[Round "1"]
[White "Pantsulaia, Levan"]
[Black "Savchenko, Boris"]
[Result "1-0"]
[WhiteTitle "GM"]
[BlackTitle "GM"]
[WhiteElo "2611"]
[BlackElo "2575"]
[WhiteTeam "Tbilisi Gentlemen"]
[BlackTeam "Moscow Wizards"]
[WhiteFideId "13602071"]
[BlackFideId "4147332"]
[EventDate "2019.03.19"]

1. Nf3 g6 2. g3 Bg7 3. Bg2 e5 4. O-O d5 5. d3 Ne7 6. e4 O-O 7. Re1 dxe4 8. dxe4
Nbc6 9. c3 a5 10. a4 Bg4 11. h3 Be6 12. Ng5 Bc4 13. Nd2 Ba6 14. Bf1 h6 15. Ngf3
f5 16. Bxa6 Rxa6 17. Kg2 Kh7 18. b3 Rb6 19. Ba3 fxe4 20. Nxe4 Qxd1 21. Rexd1
Rxb3 22. Rd7 Re8 23. Rxc7 Nd5 24. Rd7 Rd8 25. Rxd8 Nxd8 26. Nfd2 Rb6 27. Nc4 Rc6
28. Nxa5 Ra6 29. Bb4 Nxb4 30. cxb4 Bf8 31. Rd1 Nf7 32. Rd7 Kg8 33. Rxb7 Bxb4 34.
Nc4 Be1 35. Nc5 Rc6 36. Rb5 Bc3 37. Na5 Rc8 38. Nab7 Nd8 39. Ne4 Bd4 40. Nbd6
Ra8 41. a5 Kf8 42. Nc4 Ke7 43. Nxe5 Ra6 44. Rd5 Ba7 45. Rd7+ Ke6 46. f4 Kf5 47.
Kf3 Rxa5 48. Rxd8 1-0

[Event "PRO League KO Stage 2019"]
[Site "chess.com INT"]
[Date "2019.03.23"]
[Round "1"]
[White "Seliverstov, Vladimir"]
[Black "Volkov, Nika"]
[Result "1-0"]
[WhiteTitle "IM"]
[WhiteElo "2462"]
[BlackElo "2153"]
[WhiteTeam "Moscow Wizards"]
[BlackTeam "Tbilisi Gentlemen"]
[WhiteFideId "4192036"]
[BlackFideId "13604376"]
[EventDate "2019.03.19"]

1. d4 e6 2. c4 d5 3. Nf3 Nf6 4. g3 Be7 5. Bg2 O-O 6. O-O dxc4 7. Qc2 a6 8. Qxc4
b5 9. Qc2 Bb7 10. Bd2 Nbd7 11. Ba5 Rc8 12. Nbd2 Qe8 13. b4 Nb6 14. Rac1 g6 15.
Ne5 Bxg2 16. Kxg2 Bd6 17. Nd3 Nfd7 18. Qc6 e5 19. Bxb6 Nxb6 20. Ne4 Qe7 21. Nxd6
Qxd6 22. dxe5 Qd4 23. Rfd1 Rfe8 24. e3 Qg4 25. h3 Qg5 26. f4 Qh5 27. Qf3 Qh6 28.
Nc5 Nc4 29. Ne4 Red8 30. Rc3 Qf8 31. a3 Rxd1 32. Qxd1 Rd8 33. Qe2 Kg7 34. Rd3
Rxd3 35. Qxd3 Qa8 36. Kf2 Nxa3 37. e6 Nc4 38. e7 h5 39. Qd4+ Kh6 40. Qd8 1-0

[Event "PRO League KO Stage 2019"]
[Site "chess.com INT"]
[Date "2019.03.23"]
[Round "1"]
[White "Vastrukhin, Oleg"]
[Black "Paichadze, Luka"]
[Result "1-0"]
[BlackTitle "GM"]
[WhiteElo "2413"]
[BlackElo "2576"]
[WhiteTeam "Moscow Wizards"]
[BlackTeam "Tbilisi Gentlemen"]
[WhiteFideId "4192770"]
[BlackFideId "13602934"]
[EventDate "2019.03.19"]

1. Nf3 Nf6 2. g3 b5 3. Bg2 Bb7 4. O-O e6 5. d3 c5 6. Nbd2 Be7 7. a4 a6 8. e4 d6
9. e5 dxe5 10. Nxe5 Bxg2 11. Kxg2 Qd5+ 12. Qf3 b4 13. Ndc4 O-O 14. Nb6 Qxf3+ 15.
Kxf3 Ra7 16. Be3 Nd5 17. a5 f6 18. Nec4 Nc6 19. Rfe1 Rd8 20. h4 h5 21. Rad1 Rb7
22. Kg2 Kf7 23. Ra1 Nc7 24. Red1 Nb5 25. Na4 Nbd4 26. c3 Nb3 27. Rab1 Rb5 28.
Nab6 Ncxa5 29. Nxa5 Nxa5 30. Na4 Nb3 31. Kf3 Rd7 32. Ke2 Rdb7 33. c4 Ra5 34. Ra1
Nxa1 35. Rxa1 b3 36. Bd2 Rb4 37. Bxb4 cxb4 38. d4 g5 39. c5 gxh4 40. gxh4 e5 41.
c6 Bd6 42. dxe5 Bxe5 43. Kd3 Ke7 44. Kc4 Kd6 45. Kxb3 Kxc6 46. Rc1+ Kd6 47. Rc4
Rb5 48. f4 a5 49. fxe5+ fxe5 50. Rc8 e4 51. Kc4 Rf5 52. Kd4 Rf4 53. Ra8 Rxh4 54.
Rxa5 b3 55. Ra6+ Kc7 56. Nc3 Rh2 57. Nd5+ Kd7 58. Nb6+ Kc7 59. Nc4 Rc2 60. Rh6
e3 61. Rxh5 e2 62. Re5 Kc6 63. Kd3 e1=Q 64. Rxe1 Kc5 65. Re4 Rc1 66. Nd2 Kd5 67.
Rd4+ Ke5 68. Rb4 1-0

[Event "PRO League KO Stage 2019"]
[Site "chess.com INT"]
[Date "2019.03.23"]
[Round "1"]
[White "Savchenko, Boris"]
[Black "Jobava, Baadur"]
[Result "0-1"]
[WhiteTitle "GM"]
[BlackTitle "GM"]
[WhiteElo "2575"]
[BlackElo "2622"]
[WhiteTeam "Moscow Wizards"]
[BlackTeam "Tbilisi Gentlemen"]
[WhiteFideId "4147332"]
[BlackFideId "13601520"]
[EventDate "2019.03.19"]

1. e4 d6 2. d4 Nf6 3. Nc3 e5 4. Nf3 Nbd7 5. Bc4 Be7 6. a4 O-O 7. O-O a5 8. h3 b6
9. Re1 Bb7 10. d5 Ne8 11. Nb5 g6 12. Nd2 Bg5 13. Ra3 Ng7 14. Rg3 Nh5 15. Rxg5
Qxg5 16. Nxc7 Rad8 17. Nb5 Nc5 18. b3 Nf4 19. Qf3 f5 20. Qg3 h6 21. Nf3 Qxg3 22.
fxg3 fxe4 23. Nh4 g5 24. gxf4 exf4 25. Ng6 Rf7 26. h4 Kh7 27. h5 Bc8 28. Ba3 e3
29. Bxc5 bxc5 30. Bd3 Kg7 31. g3 Bg4 32. gxf4 gxf4 33. Nh4 Kf6 34. Bg6 Rg7 35.
Ng2 f3 36. Rf1 Bxh5 37. Bxh5 Rxg2+ 38. Kh1 Rf2 39. Rg1 e2 40. Rg6+ Kf5 41. Re6
Rf1+ 42. Kh2 e1=Q 0-1

[Event "PRO League KO Stage 2019"]
[Site "chess.com INT"]
[Date "2019.03.23"]
[Round "1"]
[White "Dobrov, Vladimir"]
[Black "Pantsulaia, Levan"]
[Result "0-1"]
[WhiteTitle "GM"]
[BlackTitle "GM"]
[WhiteElo "2478"]
[BlackElo "2611"]
[WhiteTeam "Moscow Wizards"]
[BlackTeam "Tbilisi Gentlemen"]
[WhiteFideId "4136594"]
[BlackFideId "13602071"]
[EventDate "2019.03.19"]

1. d4 Nf6 2. Nf3 c5 3. d5 g6 4. Nc3 Bg7 5. e4 O-O 6. Be2 d6 7. Nd2 Na6 8. O-O
Nc7 9. a4 b6 10. Nc4 Ba6 11. Bf4 Rb8 12. Qd2 Bxc4 13. Bxc4 a6 14. Rfe1 b5 15.
Bf1 bxa4 16. Ra2 Rb4 17. f3 Qd7 18. Rea1 e6 19. dxe6 Nxe6 20. Be3 a3 21. b3 Rd8
22. Bc4 Nc7 23. Rxa3 d5 24. Bxc5 Rbb8 25. exd5 Nfxd5 26. Nxd5 Bxa1 27. Rxa1 Nxd5
28. Rd1 Qc7 29. Bd4 Qf4 30. c3 a5 31. Qxf4 Nxf4 32. Ra1 Ne6 33. Bf6 Rd2 34. Rxa5
h5 35. h4 Rc8 36. Bxe6 fxe6 37. Bd4 Rc7 38. b4 Kf7 39. Kh2 Re2 40. Kg3 Rd7 41.
f4 Rc2 42. b5 Rb2 43. b6 Ke7 44. Rg5 Kf7 45. Ra5 Ke7 46. Kf3 Kd6 47. c4 Rb3+ 48.
Ke4 Kc6 49. Re5 Re7 50. Rg5 Rb4 51. c5 Rd7 52. Rxg6 Rdxd4+ 53. Ke5 Re4+ 54. Kf6
Rxf4+ 0-1

[Event "PRO League KO Stage 2019"]
[Site "chess.com INT"]
[Date "2019.03.23"]
[Round "1"]
[White "Paichadze, Luka"]
[Black "Seliverstov, Vladimir"]
[Result "0-1"]
[WhiteTitle "GM"]
[BlackTitle "IM"]
[WhiteElo "2576"]
[BlackElo "2462"]
[WhiteTeam "Tbilisi Gentlemen"]
[BlackTeam "Moscow Wizards"]
[WhiteFideId "13602934"]
[BlackFideId "4192036"]
[EventDate "2019.03.19"]

1. e4 g6 2. d4 Bg7 3. Nc3 d6 4. Be2 a6 5. a4 b6 6. h4 h5 7. Nf3 Nd7 8. Ng5 Bb7
9. O-O c5 10. d5 Ngf6 11. f4 Ng4 12. Bxg4 hxg4 13. Qxg4 Bd4+ 14. Kh1 Nf6 15. Qg3
Nh5 16. Qh2 Qd7 17. Ne2 Qg4 18. Rf3 Nf6 19. Nxd4 cxd4 20. Bd2 Rxh4 21. Rh3 Rh5
22. Re1 Rc8 23. c3 Rc4 24. cxd4 Rxd4 25. Bc3 Rxa4 26. Bxf6 exf6 27. Rxh5 gxh5
28. Nf3 Rb4 29. Nh4 Rxb2 30. Nf5 Kd7 31. Rc1 Rb3 32. Nh6 Qg6 33. Nf5 Bxd5 34.
Nd4 Rd3 35. exd5 Rxd4 36. Qh3+ Qg4 37. Qc3 Rd1+ 38. Rxd1 Qxd1+ 39. Kh2 Qxd5 40.
Qxf6 a5 41. Qb2 b5 42. Qa3 b4 43. Qa4+ Kc7 44. Qe8 Kb6 45. Qb8+ Kc5 0-1

[Event "PRO League KO Stage 2019"]
[Site "chess.com INT"]
[Date "2019.03.23"]
[Round "1"]
[White "Volkov, Nika"]
[Black "Vastrukhin, Oleg"]
[Result "0-1"]
[WhiteElo "2153"]
[BlackElo "2413"]
[WhiteTeam "Tbilisi Gentlemen"]
[BlackTeam "Moscow Wizards"]
[WhiteFideId "13604376"]
[BlackFideId "4192770"]
[EventDate "2019.03.19"]

1. d4 g6 2. Nf3 Bg7 3. c4 Nf6 4. g3 O-O 5. Bg2 c6 6. O-O d5 7. cxd5 cxd5 8. Nc3
Nc6 9. b3 Bf5 10. Bb2 Ne4 11. Rc1 Nxc3 12. Bxc3 Be4 13. Qd2 Rc8 14. Bh3 e6 15.
Ne5 g5 16. Nxc6 Rxc6 17. Bb4 Rxc1 18. Rxc1 Re8 19. a4 h6 20. a5 Qd7 21. Bc5 b6
22. axb6 axb6 23. Bxb6 Qb5 24. Bc5 Qxb3 25. f3 Bg6 26. Qc3 Qa2 27. Bf1 Rb8 28.
Ra1 Qb3 29. Qxb3 Rxb3 30. Kf2 h5 31. Ra8+ Kh7 32. Ra7 g4 33. Bg2 Bf6 34. h3 gxf3
35. Bxf3 h4 36. gxh4 Bxh4+ 37. Kg2 Kg7 38. Ra6 Rb2 39. Rb6 Rd2 40. Bb4 Rc2 41.
Bd6 Be4 42. Bg3 Bxf3+ 43. Kxf3 Rc3+ 44. e3 Bxg3 45. Kxg3 Rxe3+ 46. Kg2 Re4 47.
Rb4 e5 48. Kf3 Rxd4 49. Rxd4 exd4 50. Ke2 f5 51. Kd3 f4 52. Kxd4 Kg6 0-1

[Event "PRO League KO Stage 2019"]
[Site "chess.com INT"]
[Date "2019.03.23"]
[Round "1"]
[White "Kaasen, Tor Fredrik"]
[Black "Lagarde, Maxime"]
[Result "0-1"]
[WhiteTitle "IM"]
[BlackTitle "GM"]
[WhiteElo "2383"]
[BlackElo "2631"]
[WhiteTeam "Norway Gnomes"]
[BlackTeam "Cannes Blitzstreams"]
[WhiteFideId "1516647"]
[BlackFideId "662399"]
[EventDate "2019.03.19"]

1. d4 Nf6 2. c4 c5 3. d5 e6 4. Nc3 exd5 5. cxd5 d6 6. Nf3 g6 7. Bf4 Bg7 8. Qa4+
Bd7 9. Qb3 Bc8 10. Qa4+ Bd7 11. Qb3 b5 12. Bxd6 Qb6 13. Be5 O-O 14. e3 c4 15.
Qb4 Na6 16. Qd6 b4 17. Nd1 Rfc8 18. Rc1 Nc5 19. Rxc4 Bb5 20. Qxb6 axb6 21. Rxb4
Bxf1 22. Kxf1 Nd3 23. Rb3 Nxe5 24. Nxe5 Nxd5 25. Nd7 Rd8 26. e4 Nf4 27. g3 Rxd7
28. Ne3 Nd3 29. Nd5 Nxb2 30. Nxb6 Rd1+ 31. Kg2 Rad8 32. Rxd1 Rxd1 33. Nd5 Bd4
34. Kh3 Nd3 35. f4 Nf2+ 36. Kg2 Nxe4 37. Rb8+ Kg7 38. Rb7 Rd2+ 39. Kf3 Nc5 40.
Rb4 f5 41. g4 Ne4 42. gxf5 gxf5 43. Rb7+ Kf8 0-1